Real images : (Record no. 161604)

MARC details
000 -LEADER
fixed length control field 00860nam a2200277 a 4500
008 - FIXED-LENGTH DATA ELEMENTS--GENERAL INFORMATION
fixed length control field
020 ## - INTERNATIONAL STANDARD BOOK NUMBER
International Standard Book Number 073292944x (pbk)
049 ## - LOCAL HOLDINGS (OCLC)
Holding library MAIN
090 ## - LOCALLY ASSIGNED LC-TYPE CALL NUMBER (OCLC); LOCAL CALL NUMBER (RLIN)
Classification number (OCLC) (R) ; Classification number, CALL (RLIN) (NR) PN1995MCM
003 - CONTROL NUMBER IDENTIFIER
control field
005 - DATE AND TIME OF LATEST TRANSACTION
control field 20230123134205.0
040 ## - CATALOGING SOURCE
Transcribing agency NUST
100 1# - MAIN ENTRY--PERSONAL NAME
Personal name McMahon, Barrie.
245 10 - TITLE STATEMENT
Title Real images :
Remainder of title film & television /
Statement of responsibility, etc. Barrie McMahon & Robyn Quin.
260 ## - PUBLICATION, DISTRIBUTION, ETC.
Place of publication, distribution, etc. South Melbourne :
Name of publisher, distributor, etc. The Macmillan Company of Australia,
Date of publication, distribution, etc. 1995.
300 ## - PHYSICAL DESCRIPTION
Extent 262 p. :
Other physical details ill., facsims., ports. ;
Dimensions 25 cm.
504 ## - BIBLIOGRAPHY, ETC. NOTE
Bibliography, etc. note Includes bibliographical references.
500 ## - GENERAL NOTE
General note Includes index.
650 #0 - SUBJECT ADDED ENTRY--TOPICAL TERM
Topical term or geographic name entry element Film criticism.
650 #0 - SUBJECT ADDED ENTRY--TOPICAL TERM
Topical term or geographic name entry element Television criticism.
653 ## - INDEX TERM--UNCONTROLLED
Uncontrolled term Cinema films
-- Criticism.
653 ## - INDEX TERM--UNCONTROLLED
Uncontrolled term Televison programes
-- Criticism.
700 1# - ADDED ENTRY--PERSONAL NAME
Personal name Quin, Robyn.
907 ## - LOCAL DATA ELEMENT G, LDG (RLIN)
a .b10198118
b 07-04-06
c 06-04-06
942 ## - ADDED ENTRY ELEMENTS (KOHA)
Koha item type Ordinary Loan Books
Call number prefix PN1995MCM
Holdings
Date last seen Total Checkouts Full call number Barcode Cost, replacement price Price effective from Koha item type Lost status Source of classification or shelving scheme Damaged status Not for loan Collection Withdrawn status Home library Current library Shelving location Date acquired Cost, normal purchase price
01/23/2023 1 PN1995 MCM 92003025398 80.00 01/23/2023 BOOKS   LCC     NFIC   MAIN MAIN GEN 01/23/2023 80.00